Normal view
MARC view
- Production management
Entry Topical Term
001 - CONTROL NUMBER
- control field: 110982
003 - CONTROL NUMBER IDENTIFIER
- control field: NUST
005 - DATE AND TIME OF LATEST TRANSACTION
- control field: 20230321160606.0
008 - FIXED-LENGTH DATA ELEMENTS
- fixed length control field: 230321|| aca||aabn | a|a d
040 ## - CATALOGING SOURCE
- Original cataloging agency: NUST
- Transcribing agency: NUST
150 ## - HEADING--TOPICAL TERM
- Topical term or geographic name entry element: Production management
- General subdivision: Statistical methods
670 ## - SOURCE DATA FOUND
- Source citation: Work cat.: (NUST)0: Kratzer, Thomas A. 110981, Quantitative survival guide for operations management /, c2005.
